Statistieken voor Meerkeuze Frankrijk

Klik hier om de quiz te nemen!

Algemene statistieken

  • Deze quiz is 118 keer genomen
  • De gemiddelde score is 10 van 15

Antwoordstatistieken

VraagAntwoord% Correct
Heeft Frankrijk grondgebied in Zuid-Amerika?Yes
92%
Welk van volgende landen grenzen niet aan Frankrijk?Oostenrijk
90%
Wanneer vieren de Fransen hun nationale feestdag?14 july
86%
Welke van deze Franse steden ligt NIET aan de Middellandse Zee?Nantes
86%
In welk land worden de meeste mensen met de Franse nationaliteit geboren (buiten Frankrijk)?Algerije
83%
Welke van deze personen was nooit president van Frankrijk?Louis Lumière
81%
Hoeveel inwoners heeft Frankrijk ongeveer?68 million
69%
Welke vredevolle periode in Franse geschiedenis 1871 tot 1914?La Belle Époque
68%
Welke Franse regio ligt het meest westelijk?Bretagne
62%
Hoeveel keer heeft Frankrijk de FIFA wereldbeker voetbal gewonnen?Tweemaal
61%
Hoeveel procent van de Franse elektriciteit wordt gewonnen uit nucleaire energie?70%
53%
Welk van volgende landen is geen Franse kolonie geweest?Kenia
52%
Wat heeft Louis Daguerre uitgevonden?Fotografie
36%
Wie was de eerste koning van Frankrijk?Clovis
34%
Waarvan is Denis Diserdot bekend?Samenstellen van belangrijke encylopedie
31%

Scoreverdeling

Percentiel versus Aantal Correcte Antwoorden

Procent van Mensen met Elke Score

Uw Scoregeschiedenis

U heeft deze quiz nog niet genomen